01320cam a22003615a 4500001001000000003000400010005001700014008004100031020002400072020002600096040003700122043001200159082002400171100003200195245007000227246003400297250001300331260005800344300002700402500002500429500002200454504004100476650003800517650006600555651001000621653003300631655002400664700003100688700003900719942002400758999001700782952015900799014932481OSt20150813115030.0090311s2009 enk frbd f001 0 eng d a0199556458 (pbk.)  a9780199556458 (pbk.)  aStDuBDSbengcStDuBDSdEG-ScBUE  ae-uk---04a343.410998bBAN2221 aBanks, David,d1964-93830510aMcNae's essential law for journalists /cDavid Banks, Mark Hanna.30aEssential law for journalists a20th ed. aOxford ;aNew York :bOxford University Press,c2009. axxxv, 613 p. ;c23 cm. aGlossary : p.573-578 aIndex : p.595-613 aIncludes bibliographical references. 0aPress lawzGreat Britain. 2BUEsh 0aJournalistsxLegal status, laws, etc.zGreat Britain. 2BUEsh 2BUEsh bCOMAMEcJune2015cAugust2015 vreading book9342321 aHanna, Mark,d1957 May 10-1 aMcNae, Leonard Cyril James,d1902- 2ddck343.410998 BAN c19688d19660 00102ddc40708AlahramaMAINbMAINc1STd2015-06-16epurchaseg216.00h315l1m1o343.410998 BANp000038677r2025-07-15 00:00:00s2022-01-09v270.00yBB